Explotación sexual comercial: Un estudio cualitativo con adolescentes hombres
El documento presenta un análisis de algunas áreas menos conocidas de la explotación sexual comercial, como el caso de la explotación sexual en hombres, adolescentes y niños.
Gardado en:
| Autor Principal: | |
|---|---|
| Formato: | Libro |
| Idioma: | Spanish |
| Publicado: |
San José
PANI
2010
|
| Materias: | |
| Etiquetas: |
Engadir etiqueta
Sen Etiquetas, Sexa o primeiro en etiquetar este rexistro!
|
MARC
| LEADER | 00000nam a22000007a 4500 | ||
|---|---|---|---|
| 003 | cru CIDCACS/IIS | ||
| 005 | 20230522084123.0 | ||
| 008 | 191212b2010 CR ||||| |||| 00| 0 spa d | ||
| 020 | |a 978-9968-848-06-0 | ||
| 040 | |c cru CRAIS/IIS | ||
| 090 | |a 02.04.02 S161e | ||
| 100 | 1 | |9 682 |a Salas Calvo, José Manuel | |
| 245 | |a Explotación sexual comercial: |b Un estudio cualitativo con adolescentes hombres |c José Manuel Salas Calvo; Álvaro Campos Guadámuz y Patronato Nacional de la Infancia | ||
| 260 | |a San José |b PANI |c 2010 | ||
| 300 | |a 335 páginas | ||
| 520 | 3 | |a El documento presenta un análisis de algunas áreas menos conocidas de la explotación sexual comercial, como el caso de la explotación sexual en hombres, adolescentes y niños. | |
| 650 | 0 | 0 | |9 695 |a EXPLOTACION SEXUAL COMERCIAL |
| 650 | 0 | 0 | |9 690 |a HOMBRES |
| 650 | 0 | 4 | |9 3349 |a ADOLESCENTES |
| 650 | 0 | 0 | |9 3201 |a NIÑOS |
| 651 | 0 | |9 32 |a COSTA RICA | |
| 942 | |2 ddc |c LI |h 02.04.02 S161e |i 18923 |6 020402_S161E_18923 | ||
| 999 | |c 42770 |d 42770 | ||



